LEADER 01221nam a2200277 i 4500 001 000000106588 003 CaOOAMICUS 005 20030212000000.0 008 030212s2002 it u000 u ita u 013 $a78782 020 $a88-213-0494-9 040 $aSeMil$bita 100 1 $aLoparco, Grazia <1960- >.$0(OLS)http://semarc/name/44837 245 13$aLe Figlie di Maria Ausiliatrice nella società italiana (1900-1922) :$bpercorsi e problemi di ricerca /$cGrazia Loparco. 260 $aRoma :$bLAS,$ccopyr. 2002. 300 $a799 p. ;$c21 cm. 490 0 $aIl prisma ;$v24 500 $aContiene : Appendice ; Bibliografia. 650 4$aFiglie di Maria Ausiliatrice.$0(OLS)http://semarc/subject/5733 830 3$aIl prisma ;$v24.$0(OLS)http://semarc/title/11257 850 $aSeMil 852 $aSeMil$W1$xVenegono$y1$m3E II 276$j62705$B62705$CSeMilBibl$Z2$F74048 $81 961 $aOmaggio per recensione: Scuola Cattolica 996 $6020$a88-213-0494-9$9(OLS)http://semarc/number/87309 996 $6245$aLe Figlie di Maria Ausiliatrice nella società italiana (1900-1922) :$bpercorsi e problemi di ricerca$9(OLS)http://semarc/title/154599 996 $6260$aRoma :$bLAS$9(OLS)http://semarc/publisher/29900 LEADER 01008nam a2200265 i 4500 001 000000221115 003 CaOOAMICUS 005 20130618000000.0 008 130618s1988 it u000 u ita u 013 $a200012 020 $a88-11-59807-9 040 $aSeMil$bita 100 1 $aBeccaria, Gian Luigi,$d<1936- >.$0(OLS)http://semarc/name/28097 245 10$aItaliano :$bantico e nuovo /$cGian Luigi Beccaria. 260 $a[Milano] :$bGarzanti,$c1988. 300 $a308 p. ;$c22 cm. 490 0 $aSaggi blu 650 4$aLingua italiana.$0(OLS)http://semarc/subject/7694 830 0$aSaggi blu.$0(OLS)http://semarc/title/7183 850 $aSeMil 852 $aSeMil$W1$xVenegono$y1$m1O III 230$j171466$B171466$CSeMilBibl$Z2$F187393 $81 961 $aLascito: Schieppati don Giorgio 996 $6020$a88-11-59807-9$9(OLS)http://semarc/number/219974 996 $6245$aItaliano :$bantico e nuovo$9(OLS)http://semarc/title/316985 996 $6260$a[Milano] :$bGarzanti$9(OLS)http://semarc/publisher/31829